• 首页
  • 本馆介绍
  • 公告通知
  • 最新文献
  • 馆藏检索
  • 电子资源
  • 读者导购
  • 参考咨询
  • 我的图书馆
  • 登录
  • 详细信息显示
  • 放入我的书架
  • 预约/预借图书
  • 作者相关作品
  • 分类相关作品
  • 丛书相关作品
  • 出版社相关作品

书目信息

  • 表格格式
  • 工作单格式
  • 卡片格式
题名:
刑法分则的解释原理
    
 
作者: 张明楷 著
分册: 上册  
出版信息: 北京   高等教育出版社  2024
页数: 12, 492页
开本: 26cm
丛书名:
单 册:
中图分类: D924.305
科图分类:
主题词: 刑法--Xing Fa--细则--法律解释--中国
电子资源:
ISBN: 978-7-04-060689-8
000 00880nam0 2200229 450
001 012024000182
005 20241025094954.00
010    @a978-7-04-060689-8@dCNY90.00
100    @a20241025d2024 em y0chiy50 ea
101 0  @achi
102    @aCN@b110000
105    @ay z 001yy
106    @ar
200 1  @a刑法分则的解释原理@AXing Fa Fen Ze De Jie Shi Yuan Li@h上册@f张明楷著
210    @a北京@c高等教育出版社@d2024
215    @a12, 492页@d26cm
330    @a本书对解释原理与解释方法、分则与总则、“……的,”与“处……”、防止漏洞与减少对立、避免矛盾与保持协调、保护法益与构成要件、客观要素与主观要素、主观的超过要素与客观的超过要素等刑法分则重要问题进行探讨。
606 0  @a刑法@AXing Fa@x细则@x法律解释@y中国
690    @aD924.305@v5
701  0 @a张明楷@AZhang Ming Kai@4著
801  0 @aCN@bAHXH@c20241025
905    @b214155162@b214155153@b214155144@f3@dD924.305@e1028:1
    
    刑法分则的解释原理.上册/张明楷著.-北京:高等教育出版社,2024
    12, 492页;26cm
    
    
    ISBN 978-7-04-060689-8:CNY90.00
    本书对解释原理与解释方法、分则与总则、“……的,”与“处……”、防止漏洞与减少对立、避免矛盾与保持协调、保护法益与构成要件、客观要素与主观要素、主观的超过要素与客观的超过要素等刑法分则重要问题进行探讨。
●
相关链接 在E读中查询图书 在五车中查询图书 在当当中查询图书 在豆瓣中查询图书


正题名:刑法分则的解释原理     索取号:D924.305/1028:1         预约/预借

序号 登录号 条形码 馆藏地/架位号 状态 备注
1 1415514   214155144   第一样本阅览室/ [索取号:D924.305/1028:1] 在馆    
2 1415515   214155153   第一借阅区/ [索取号:D924.305/1028:1] 已借出,限还日期为2026.06.05
借出人:张金鹏  
 
3 1415516   214155162   第一借阅区/ [索取号:D924.305/1028:1] 在馆    
唐山师范学院图书馆 欢迎您!
大连网信软件有限公司© 版权所有